[Event "89 Bristol Championship"]
[Site "The Great Hall, Bristol Gramm"]
[Date "2023.04.02"]
[Round "4.4"]
[White "Arkell, Keith C"]
[Black "Shepherd, Tom"]
[Result "1/2-1/2"]
[WhiteElo "2395"]
[BlackElo "1766"]
[PlyCount "118"]
[EventDate "2023.03.31"]
[EventRounds "5"]
[EventCountry "ENG"]

1. c4 e6 2. Nf3 d5 3. cxd5 exd5 4. d4 c6 5. Nc3 Nf6 6. Bg5 Bf5 7. e3 Nbd7 8.
Bd3 Bxd3 9. Qxd3 Bd6 10. O-O h6 11. Bh4 O-O 12. Rfe1 Re8 13. Qc2 Qb8 14. Bg3
Bxg3 15. hxg3 Qd6 16. b4 b5 17. a4 a6 18. Reb1 Nb6 19. a5 Nc4 20. Ne2 Ne4 21.
Nf4 g6 22. Nd3 Kg7 23. Re1 h5 24. Nfe5 Rec8 25. Ra2 Rab8 26. Qc1 Rh8 27. Nf3
Rhc8 28. Kf1 Re8 29. Kg1 Rec8 30. Qa1 Re8 31. Nc5 Ra8 32. Rc2 Re7 33. Ree2 Ree8
34. Ne1 Nxc5 35. bxc5 Qc7 36. Nd3 Re4 37. Re1 h4 38. gxh4 Rxh4 39. g3 Rh6 40.
Ne5 Qc8 41. Qd1 Nxe5 42. dxe5 Qf5 43. f4 Rah8 44. Rg2 Qe4 45. Kf2 Rh2 46. Reg1
Rxg2+ 47. Rxg2 b4 48. Qd4 b3 49. Qxe4 dxe4 50. Kg1 Rd8 51. Rb2 Rd3 52. Kf2 Kf8
53. g4 Ke7 54. f5 gxf5 55. gxf5 Rc3 56. Kg3 Rxc5 57. Rxb3 Rxe5 58. Kf4 Rxa5 59.
Rb6 Rc5 1/2-1/2

[Event "89 Bristol Championship"]
[Site "The Great Hall, Bristol Gramm"]
[Date "2023.04.02"]
[Round "4.5"]
[White "Pezelj, Sinisa"]
[Black "Meek, Stephen J"]
[Result "1-0"]
[WhiteElo "2244"]
[BlackElo "1965"]
[PlyCount "81"]
[EventDate "2023.03.31"]
[EventRounds "5"]
[EventCountry "ENG"]

1. Nf3 Nf6 2. c4 g6 3. Nc3 Bg7 4. d4 O-O 5. e4 d6 6. Bd3 e5 7. dxe5 dxe5 8. O-O
Bg4 9. h3 Bxf3 10. Qxf3 Nc6 11. Bg5 Nd4 12. Qe3 Ne6 13. Bh4 c6 14. Ne2 Qc7 15.
c5 Nf4 16. Bc4 Nxe2+ 17. Bxe2 Kh8 18. Rad1 Ng8 19. Rd6 f6 20. Rfd1 Rad8 21. Qd2
Rxd6 22. cxd6 Qd7 23. Qa5 b6 24. Qa3 Nh6 25. Qb3 Nf7 26. Bg4 Qd8 27. d7 h5 28.
Be6 Ng5 29. Bxg5 fxg5 30. Bf7 Qf6 31. Be8 Qxf2+ 32. Kh1 Bf6 33. Qe6 Bd8 34.
Qxe5+ Kh7 35. Qb8 Rf3 36. Rg1 g4 37. hxg4 Rf4 38. Qxd8 Rxg4 39. Qe7+ Kh6 40.
d8=Q Rxg2 41. Qg5+ 1-0

[Event "89 Bristol Championship"]
[Site "The Great Hall, Bristol Gramm"]
[Date "2023.04.02"]
[Round "4.6"]
[White "Gomez, Daniel"]
[Black "Garcia-Ruiz, Aitor"]
[Result "1-0"]
[WhiteElo "1923"]
[BlackElo "2077"]
[PlyCount "129"]
[EventDate "2023.03.31"]
[EventRounds "5"]
[EventCountry "ENG"]

1. e4 c5 2. Nf3 Nc6 3. Bb5 g6 4. Bxc6 dxc6 5. d3 Bg7 6. O-O e5 7. Be3 Qe7 8.
Nbd2 Nf6 9. h3 O-O 10. a3 Rd8 11. Nc4 Nxe4 12. Qe2 Nf6 13. Ncxe5 Nd5 14. Nc4 b6
15. Rae1 Re8 16. c3 Bf5 17. d4 Nf4 18. Qd2 Nd3 19. Rd1 b5 20. Na5 c4 21. Nxc6
Qe4 22. Nce5 Rad8 23. Nxd3 cxd3 24. Ne1 Bxh3 25. Qxd3 Qh4 26. gxh3 Qxh3 27. Bg5
Qg4+ 28. Qg3 Qxd1 29. Bxd8 Rxd8 30. Nd3 Qh5 31. Re1 Bf8 32. Ne5 Qf5 33. Qf3 Qe6
34. Re3 Rd5 35. Ng4 Rf5 36. Rxe6 Rxf3 37. Ra6 Rf5 38. Kf1 Rg5 39. Nf6+ Kg7 40.
Ne4 Rg4 41. f3 Rf4 42. Kg2 h5 43. Rxa7 h4 44. Ng5 Kf6 45. Nh7+ Kg7 46. Ng5 Kf6
47. Nh3 Rf5 48. f4 Ke6 49. Kf3 Kd5 50. b3 Bh6 51. a4 bxa4 52. Ra5+ Ke6 53. Rxf5
Kxf5 54. bxa4 Bf8 55. a5 Bd6 56. a6 Bb8 57. d5 Kf6 58. Kg4 Ke7 59. Kxh4 Kd6 60.
c4 f6 61. Kg4 Kc5 62. f5 gxf5+ 63. Kxf5 Kb6 64. Kxf6 Kxa6 65. Ng5 1-0

[Event "89 Bristol Championship"]
[Site "The Great Hall, Bristol Gramm"]
[Date "2023.04.02"]
[Round "4.7"]
[White "Garcia, Oscar"]
[Black "Baer, Bruce L"]
[Result "1-0"]
[WhiteElo "2073"]
[BlackElo "1963"]
[PlyCount "57"]
[EventDate "2023.03.31"]
[EventRounds "5"]
[EventCountry "ENG"]

1. e4 g6 2. d4 Bg7 3. Nc3 d6 4. f4 a6 5. Nf3 b5 6. Bd3 Nd7 7. a4 b4 8. Ne2 c5
9. c3 cxd4 10. cxd4 a5 11. O-O Ba6 12. Bxa6 Rxa6 13. e5 d5 14. f5 gxf5 15. Qd3
Rg6 16. Qxf5 e6 17. Qh5 Qb6 18. Kh1 Ne7 19. Nh4 Nc6 20. Nxg6 hxg6 21. Qf3 Ndxe5
22. dxe5 Nxe5 23. Qf4 Qd6 24. Qg3 Qa6 25. Bf4 Qxe2 26. Rae1 Qd3 27. Bxe5 Qxg3
28. Bxg3 Bxb2 29. Bc7 1-0

[Event "89 Bristol Championship"]
[Site "The Great Hall, Bristol Gramm"]
[Date "2023.04.02"]
[Round "4.8"]
[White "Dilleigh, Stephen P"]
[Black "Davis, Colin J"]
[Result "1-0"]
[WhiteElo "2047"]
[BlackElo "1915"]
[PlyCount "75"]
[EventDate "2023.03.31"]
[EventRounds "5"]
[EventCountry "ENG"]

1. Nf3 Nf6 2. c4 g6 3. Nc3 d5 4. d4 Bg7 5. Bg5 Ne4 6. Bh4 Nxc3 7. bxc3 dxc4 8.
Qa4+ Qd7 9. Qxc4 b6 10. e3 Ba6 11. Qb3 Bxf1 12. Kxf1 O-O 13. Ke2 Nc6 14. Rhd1
Na5 15. Qb4 Qd5 16. Bxe7 Nc6 17. Qa3 Nxe7 18. Qxe7 c5 19. Qg5 Qc4+ 20. Rd3 Rfe8
21. Qf4 Rac8 22. Rad1 Qxa2+ 23. Kf1 c4 24. R3d2 Qb3 25. Ng5 Rf8 26. Ne4 a5 27.
Nf6+ Bxf6 28. Qxf6 Qxc3 29. h4 Rfe8 30. Qxb6 Qb4 31. Qf6 c3 32. Rc2 Qc4+ 33.
Kg1 a4 34. d5 Qb3 35. Rdc1 Qxd5 36. Rxc3 Rxc3 37. Rxc3 Re6 38. Rc8+ 1-0

[Event "89 Bristol Championship"]
[Site "The Great Hall, Bristol Gramm"]
[Date "2023.04.02"]
[Round "4.10"]
[White "Alizada, Eldar A"]
[Black "Murawski, Jan"]
[Result "1-0"]
[WhiteElo "1968"]
[BlackElo "1726"]
[PlyCount "133"]
[EventDate "2023.03.31"]
[EventRounds "5"]
[EventCountry "ENG"]

1. d4 Nf6 2. c4 e6 3. Nc3 d5 4. cxd5 exd5 5. Bg5 Be7 6. e3 c6 7. Bd3 Ne4 8. Bf4
Nxc3 9. bxc3 Bd6 10. Ne2 Bg4 11. f3 Bh5 12. O-O Bg6 13. e4 O-O 14. Bxd6 Qxd6
15. e5 Qe7 16. f4 Bxd3 17. Qxd3 f5 18. c4 Nd7 19. cxd5 cxd5 20. Rfc1 Nb6 21.
Rc5 Qe6 22. Qb5 g5 23. a4 a6 24. Qb3 Rab8 25. Rc7 Nc4 26. Qh3 Qg6 27. fxg5 f4
28. Rf1 f3 29. Rxf3 Qb1+ 30. Kf2 Qe4 31. Rf6 b5 32. g6 Qxg6 33. Qf3 Qe4 34.
Qxe4 dxe4 35. Nc3 Rxf6+ 36. exf6 Nd6 37. axb5 axb5 38. Ke3 b4 39. Nxe4 b3 40.
Nd2 b2 41. Nb1 Rb4 42. Rd7 Nf7 43. Kd3 Rb6 44. Re7 Rxf6 45. Re2 Rb6 46. Kc3 Nd6
47. Rxb2 Rc6+ 48. Kd3 Rc1 49. Nd2 Nf5 50. Nf3 h6 51. Ke4 Ne7 52. d5 Rd1 53. Rd2
Ra1 54. d6 Nc6 55. Rc2 Ra6 56. d7 Ra4+ 57. Ke3 Nd8 58. Rc8 Kf7 59. Rxd8 Ke7 60.
Rh8 Kxd7 61. Rxh6 Ke7 62. Rg6 Kf7 63. Ne5+ Kf8 64. g4 Ra3+ 65. Kf4 Rh3 66. Nf3
Kf7 67. Ng5+ 1-0

[Event "89 Bristol Championship"]
[Site "The Great Hall, Bristol Gramm"]
[Date "2023.04.02"]
[Round "4.11"]
[White "Fowler, Hugo"]
[Black "Kett, Timothy J"]
[Result "1-0"]
[WhiteElo "1878"]
[BlackElo "2124"]
[PlyCount "77"]
[EventDate "2023.03.31"]
[EventRounds "5"]
[EventCountry "ENG"]

1. e4 e5 2. Nf3 Nc6 3. Bc4 Nf6 4. d3 Be7 5. O-O d6 6. a4 O-O 7. Re1 Be6 8. Nbd2
Qd7 9. a5 Bxc4 10. Nxc4 b5 11. axb6 axb6 12. Rxa8 Rxa8 13. c3 Ra1 14. Qb3 h6
15. Qb5 Nb8 16. Qxd7 Nbxd7 17. b4 d5 18. Ncxe5 Nxe5 19. Nxe5 dxe4 20. dxe4 Nxe4
21. Nd3 f5 22. f3 Bf6 23. fxe4 Bxc3 24. Re2 c5 25. bxc5 bxc5 26. Rc2 c4 27.
Rxc3 cxd3 28. Kf2 Ra2+ 29. Ke3 fxe4 30. Bd2 Ra4 31. Rb3 Kh7 32. Rb4 Ra1 33.
Rxe4 Rg1 34. Rg4 h5 35. Rg3 h4 36. Rg4 h3 37. g3 g5 38. Rxg5 Kh6 39. Rg4 1-0

[Event "89 Bristol Championship"]
[Site "The Great Hall, Bristol Gramm"]
[Date "2023.04.02"]
[Round "4.12"]
[White "Liu, Jack"]
[Black "Gallagher, Ian G"]
[Result "1-0"]
[WhiteElo "1847"]
[BlackElo "2042"]
[PlyCount "59"]
[EventDate "2023.03.31"]
[EventRounds "5"]
[EventCountry "ENG"]

1. e4 d5 2. exd5 Nf6 3. d4 Bg4 4. f3 Bf5 5. g4 Bg6 6. c4 c6 7. g5 Nfd7 8. Nc3
cxd5 9. cxd5 Na6 10. Qb3 Qb6 11. Qxb6 axb6 12. Bxa6 Rxa6 13. Nge2 e5 14. dxe6
fxe6 15. Nf4 Bf7 16. O-O Ra5 17. Re1 Rxg5+ 18. Kf2 Be7 19. Nxe6 Rg6 20. Nf4 Rf6
21. Ncd5 Bxd5 22. Nxd5 Rf7 23. Bg5 Nf6 24. Bxf6 gxf6 25. Re6 Kd8 26. Rae1 Re8
27. Nxb6 f5 28. Kf1 Rg8 29. Rc1 Rg6 30. Rc8# 1-0

[Event "89 Bristol Championship"]
[Site "The Great Hall, Bristol Gramm"]
[Date "2023.04.02"]
[Round "4.13"]
[White "Khoury, Theo"]
[Black "Clarke, James"]
[Result "1-0"]
[WhiteElo "2004"]
[BlackElo "1640"]
[PlyCount "77"]
[EventDate "2023.03.31"]
[EventRounds "5"]
[EventCountry "ENG"]

1. e4 e5 2. Nf3 Nf6 3. Nxe5 d6 4. Nf3 Nxe4 5. d4 d5 6. Bd3 Bd6 7. O-O O-O 8. c4
c6 9. Nc3 Nxc3 10. bxc3 dxc4 11. Bxc4 Bg4 12. h3 Bh5 13. g4 Bg6 14. Ne5 b5 15.
Nxg6 hxg6 16. Bd3 Nd7 17. f4 a5 18. Qf3 Rc8 19. g5 b4 20. h4 Re8 21. h5 gxh5
22. Qxh5 g6 23. Bxg6 fxg6 24. Qxg6+ Kf8 25. Qxd6+ Qe7 26. Qxe7+ Rxe7 27. cxb4
axb4 28. Bd2 c5 29. dxc5 Re4 30. Rab1 Kf7 31. Rxb4 Re2 32. Rd4 Nxc5 33. Rc1 Rh8
34. Rxc5 Rhh2 35. Rf5+ Kg7 36. Rd7+ Kg8 37. Rd8+ Kg7 38. Bc3+ Kh7 39. Rh8+ 1-0

[Event "89 Bristol Championship"]
[Site "The Great Hall, Bristol Gramm"]
[Date "2023.04.02"]
[Round "4.14"]
[White "Vijayakumar, Rishi"]
[Black "Nendick, Philip Hc"]
[Result "1-0"]
[WhiteElo "1843"]
[BlackElo "1906"]
[PlyCount "73"]
[EventDate "2023.03.31"]
[EventRounds "5"]
[EventCountry "ENG"]

1. d4 Nc6 2. d5 Ne5 3. f4 Ng6 4. e4 e5 5. dxe6 fxe6 6. Be3 d5 7. g3 dxe4 8.
Qxd8+ Kxd8 9. Nc3 Nf6 10. O-O-O+ Bd6 11. Bd4 Ke7 12. Bg2 Bd7 13. Bxf6+ gxf6 14.
Bxe4 Bc6 15. Nf3 Bxe4 16. Nxe4 Rad8 17. Nd4 Rhe8 18. f5 Nf8 19. fxe6 Be5 20.
Nf5+ Kxe6 21. Ng7+ Ke7 22. Nxe8 Kxe8 23. Rxd8+ Kxd8 24. Nc5 b6 25. Nd3 Bd6 26.
Rf1 Ke7 27. c3 Nd7 28. Rf5 Kf7 29. Kd2 Nf8 30. Ke3 Ne6 31. b4 a6 32. c4 c5 33.
bxc5 Nxc5 34. Nxc5 Bxc5+ 35. Ke4 Bg1 36. Rf1 Bc5 37. Kd5 1-0

[Event "89 Bristol Championship"]
[Site "The Great Hall, Bristol Gramm"]
[Date "2023.04.02"]
[Round "4.15"]
[White "Lappin, Benjamin"]
[Black "Walker, Max"]
[Result "0-1"]
[WhiteElo "1964"]
[BlackElo "1830"]
[PlyCount "112"]
[EventDate "2023.03.31"]
[EventRounds "5"]
[EventCountry "ENG"]

1. f4 d5 2. Nf3 Nf6 3. g3 c5 4. Bg2 Nc6 5. d3 h5 6. O-O Bf5 7. Nh4 g6 8. Nc3 d4
9. Ne4 e6 10. Nxf6+ Qxf6 11. e4 dxe3 12. Bxe3 Rd8 13. Nxf5 Qxf5 14. Be4 Qf6 15.
c3 Be7 16. Qf3 O-O 17. Rad1 Na5 18. Rd2 Qg7 19. Bxb7 Rd7 20. Bc6 Rc7 21. Ba4
Rd8 22. Rfd1 Qf6 23. h3 e5 24. Kg2 Qa6 25. Bc2 Rb7 26. Bb1 exf4 27. Bxf4 Qc6
28. Re1 Qxf3+ 29. Kxf3 Bf6 30. Be5 Bxe5 31. Rxe5 Nc4 32. Re8+ Rxe8 33. dxc4
Rbe7 34. Bc2 Rb8 35. Ba4 Rb6 36. a3 Rf6+ 37. Kg2 Rc7 38. Bd1 a5 39. Bf3 Rb6 40.
Bd5 a4 41. Re2 Kg7 42. g4 hxg4 43. hxg4 f5 44. Kg3 Kf6 45. gxf5 gxf5 46. Kf4
Rh7 47. Re8 Rh4+ 48. Kf3 Rxb2 49. Rf8+ Ke5 50. Re8+ Kd6 51. Re6+ Kd7 52. Ra6
Rc2 53. Rxa4 Rxc3+ 54. Kg2 Rd4 55. Ra7+ Kd6 56. Ra6+ Ke5 0-1

[Event "89 Bristol Championship"]
[Site "The Great Hall, Bristol Gramm"]
[Date "2023.04.02"]
[Round "4.16"]
[White "Mcdougall, William M"]
[Black "Cave, Iwan"]
[Result "1-0"]
[WhiteElo "2039"]
[BlackElo "1691"]
[PlyCount "115"]
[EventDate "2023.03.31"]
[EventRounds "5"]
[EventCountry "ENG"]

1. d4 Nf6 2. c4 c5 3. Nf3 cxd4 4. Nxd4 e5 5. Nc2 d5 6. cxd5 Qxd5 7. Qxd5 Nxd5
8. g3 Be6 9. Bg2 Nc6 10. O-O Bc5 11. Nd2 f6 12. Ne4 Be7 13. Bd2 Rc8 14. Nc3 Nb6
15. Ne3 O-O 16. Rfd1 Rfd8 17. Be1 Bc5 18. b3 Bd4 19. Rac1 Rd7 20. Nb5 Bxe3 21.
fxe3 Rxd1 22. Rxd1 a6 23. Nd6 Rd8 24. Bxc6 bxc6 25. Ba5 Rb8 26. Rc1 Bd7 27. Ne4
Nd5 28. Nc5 Bc8 29. e4 Ne7 30. Rd1 Bg4 31. Rd2 Ng6 32. Kg2 Nf8 33. h3 Be6 34.
b4 Bc4 35. a3 Kf7 36. Kf3 Rc8 37. Nb7 Be6 38. Nd6+ Ke7 39. Nxc8+ Bxc8 40. Rd8
Be6 41. Ra8 Bc4 42. Bb6 Kf7 43. Ra7+ Kg6 44. Rc7 Bb5 45. Re7 Bc4 46. h4 h5 47.
Bc5 Ne6 48. Ke3 f5 49. Ra7 f4+ 50. gxf4 Nxf4 51. Bf8 Ne6 52. Bd6 Kf6 53. Be7+
Kg6 54. Kd2 Nd4 55. e3 Nb5 56. Rxa6 Kf7 57. Bc5 Nd4 58. Ra7+ 1-0

[Event "89 Bristol Championship"]
[Site "The Great Hall, Bristol Gramm"]
[Date "2023.04.02"]
[Round "4.17"]
[White "Mize, Dylan"]
[Black "Freeman, Richard Cp"]
[Result "1/2-1/2"]
[WhiteElo "1714"]
[BlackElo "2018"]
[PlyCount "36"]
[EventDate "2023.03.31"]
[EventRounds "5"]
[EventCountry "ENG"]

1. d4 g6 2. Nf3 Bg7 3. Bg5 c5 4. c3 cxd4 5. cxd4 Nf6 6. Nc3 d6 7. e3 O-O 8. Be2
b6 9. O-O Bb7 10. h3 Nc6 11. Bf4 Rc8 12. Rc1 Nb4 13. Bh2 Nbd5 14. Nxd5 Bxd5 15.
a3 Qd7 16. Qd3 Rxc1 17. Rxc1 Rc8 18. Qd1 Rxc1 1/2-1/2

[Event "89 Bristol Championship"]
[Site "The Great Hall, Bristol Gramm"]
[Date "2023.04.02"]
[Round "4.18"]
[White "Bennett, Tom"]
[Black "Ramprasad, Cherupalli"]
[Result "1/2-1/2"]
[WhiteElo "1678"]
[BlackElo "1869"]
[PlyCount "43"]
[EventDate "2023.03.31"]
[EventRounds "5"]
[EventCountry "ENG"]

1. c4 Nf6 2. g3 g6 3. b3 Bg7 4. Bb2 c6 5. Bg2 d5 6. Nf3 Qb6 7. Bd4 c5 8. Be5 d4
9. e4 Nc6 10. Bxf6 Bxf6 11. d3 O-O 12. O-O Bd7 13. h4 Bg4 14. Qd2 Bxf3 15. Bxf3
Ne5 16. Be2 Nd7 17. f4 a5 18. Na3 Qb4 19. Qb2 e6 20. Nb5 a4 21. a3 Qa5 22. e5
1/2-1/2

[Event "89 Bristol Championship"]
[Site "The Great Hall, Bristol Gramm"]
[Date "2023.04.02"]
[Round "4.19"]
[White "Timbrell, Matthew"]
[Black "Turner, Joseph D"]
[Result "0-1"]
[WhiteElo "1426"]
[BlackElo "1867"]
[PlyCount "58"]
[EventDate "2023.03.31"]
[EventRounds "5"]
[EventCountry "ENG"]

1. c4 e5 2. g3 Nf6 3. Bg2 d5 4. cxd5 Nxd5 5. Nc3 Be6 6. Qa4+ c6 7. Nf3 Nd7 8.
d3 f6 9. a3 Nc5 10. Qc2 Qb6 11. b4 Nxc3 12. Qxc3 Nb3 13. Rb1 Nxc1 14. Rxc1 a5
15. Rb1 axb4 16. axb4 Ra4 17. O-O Bxb4 18. Rfc1 Qa5 19. Qb2 O-O 20. Ra1 Ba3 21.
Qxb7 Bxc1 22. Rxc1 Ra1 23. Qxc6 Qd5 24. Qxe6+ Qxe6 25. Rxa1 Qb3 26. Nd2 Qb2 27.
Bd5+ Kh8 28. Nb3 Rb8 29. Kf1 Rxb3 0-1

[Event "89 Bristol Championship"]
[Site "The Great Hall, Bristol Gramm"]
[Date "2023.04.02"]
[Round "4.20"]
[White "Pal, Rohan"]
[Black "Zhu, Pengxiao"]
[Result "1-0"]
[WhiteElo "1817"]
[BlackElo "1495"]
[PlyCount "85"]
[EventDate "2023.03.31"]
[EventRounds "5"]
[EventCountry "ENG"]

1. c4 c6 2. Nf3 d5 3. b3 Nf6 4. g3 e6 5. Bg2 Nbd7 6. O-O Bd6 7. Bb2 O-O 8. d3
Re8 9. Nbd2 b6 10. e4 dxe4 11. dxe4 e5 12. Qc2 Bb7 13. Bc3 c5 14. Rfe1 Nb8 15.
Nh4 Nc6 16. Nf5 Bf8 17. Ne3 Nd4 18. Qb2 g6 19. Nd5 Bg7 20. Rad1 Nxd5 21. exd5
f5 22. Nf3 g5 23. h4 h6 24. hxg5 hxg5 25. Qc1 Bf6 26. g4 f4 27. Nd2 Bc8 28. f3
Kg7 29. Bxd4 cxd4 30. Bf1 Rh8 31. Kg2 Rh4 32. Bd3 Bd7 33. Rh1 Qc8 34. Rxh4 gxh4
35. Kh2 Kf7 36. Qc2 a5 37. Bh7 Qf8 38. Qg6+ Ke7 39. Ne4 Bg7 40. Qd6+ Kd8 41.
Qxb6+ Ke7 42. Bf5 Qe8 43. d6+ 1-0

[Event "89 Bristol Championship"]
[Site "The Great Hall, Bristol Gramm"]
[Date "2023.04.02"]
[Round "4.21"]
[White "Green, Michael"]
[Black "Small, Edward P"]
[Result "1/2-1/2"]
[WhiteElo "1988"]
[BlackElo "1839"]
[PlyCount "65"]
[EventDate "2023.03.31"]
[EventRounds "5"]
[EventCountry "ENG"]

1. Nf3 d5 2. c4 d4 3. b4 g6 4. d3 Bg7 5. g3 e5 6. Nbd2 f5 7. Bg2 c6 8. O-O Be6
9. Rb1 Nd7 10. e3 dxe3 11. fxe3 Qb6 12. d4 exd4 13. Nxd4 Bxd4 14. exd4 Qxd4+
15. Kh1 Ngf6 16. Bb2 Qb6 17. c5 Qc7 18. Re1 Kf7 19. Rxe6 Kxe6 20. Qb3+ Ke7 21.
Nc4 Rae8 22. Nd6 Kd8 23. Rd1 Ne4 24. Nxe4 fxe4 25. Bh3 Rhf8 26. Rxd7+ Qxd7 27.
Bxd7 Kxd7 28. Qd1+ Kc8 29. Qd6 Rf5 30. Bf6 e3 31. Be7 Rd5 32. Qe6+ Rd7 33. Qxe3
1/2-1/2

[Event "89 Bristol Championship"]
[Site "The Great Hall, Bristol Gramm"]
[Date "2023.04.02"]
[Round "4.22"]
[White "Kent, Alex"]
[Black "Kramaley, David"]
[Result "1/2-1/2"]
[WhiteElo "1811"]
[BlackElo "1844"]
[PlyCount "104"]
[EventDate "2023.03.31"]
[EventRounds "5"]
[EventCountry "ENG"]

1. e4 d5 2. exd5 Qxd5 3. Nc3 Qd8 4. d4 Nf6 5. Nf3 Bg4 6. Be2 e6 7. O-O Nbd7 8.
Bf4 c6 9. Re1 Be7 10. h3 Bh5 11. Qd2 O-O 12. Ne5 Bxe2 13. Nxe2 c5 14. c3 cxd4
15. Nxd4 Nd5 16. Nxd7 Qxd7 17. Bg3 Rad8 18. Qe2 Bf6 19. Rad1 Bxd4 20. Rxd4 Qe7
21. Red1 Rfe8 22. Qd2 Rc8 23. c4 Nb6 24. b3 e5 25. Rd6 f6 26. Qa5 Red8 27.
Rxd8+ Rxd8 28. Rxd8+ Qxd8 29. Qxa7 Qc7 30. f3 Nd7 31. Bf2 Kf7 32. a4 Nf8 33.
Qc5 Qd7 34. Qd5+ Qxd5 35. cxd5 Nd7 36. b4 f5 37. Kf1 Nf6 38. a5 Nxd5 39. b5 Nc7
40. a6 Nxa6 41. bxa6 bxa6 42. Bb6 Ke6 43. Ke2 Kd5 44. Kd3 g6 45. h4 h5 46. Ba5
e4+ 47. fxe4+ fxe4+ 48. Ke3 Ke5 49. Bc7+ Kf5 50. g3 g5 51. hxg5 Kxg5 52. Kxe4
Kg4 1/2-1/2

[Event "89 Bristol Championship"]
[Site "The Great Hall, Bristol Gramm"]
[Date "2023.04.02"]
[Round "4.23"]
[White "Zurba, Jonas"]
[Black "Williams, Stephen M"]
[Result "1-0"]
[WhiteElo "1565"]
[BlackElo "1837"]
[PlyCount "67"]
[EventDate "2023.03.31"]
[EventRounds "5"]
[EventCountry "ENG"]

1. e4 b6 2. d4 Bb7 3. f3 e6 4. c4 Bb4+ 5. Nc3 Bxe4 6. fxe4 Qh4+ 7. Kd2 Nf6 8.
Kc2 Nc6 9. Nf3 Qf2+ 10. Qe2 Nxd4+ 11. Nxd4 Qxd4 12. Be3 Qe5 13. Nb5 O-O 14. Bd4
Qxe4+ 15. Qxe4 Nxe4 16. Nxc7 Rac8 17. a3 Be7 18. Nb5 a6 19. Nc3 Nxc3 20. Bxc3
Bf6 21. Bb4 Rfd8 22. Bd6 Rc6 23. Rd1 g6 24. b3 b5 25. c5 Re8 26. g4 e5 27. Bg2
e4 28. Rhe1 a5 29. Bxe4 Bh4 30. Bxc6 Rxe1 31. Rxe1 Bxe1 32. Bxb5 f5 33. gxf5
gxf5 34. Bxd7 1-0

[Event "89 Bristol Championship"]
[Site "The Great Hall, Bristol Gramm"]
[Date "2023.04.02"]
[Round "5.1"]
[White "Ogunshola, Olugbemiga (Ben)"]
[Black "Bezuidenhout, Roland"]
[Result "1/2-1/2"]
[WhiteElo "2095"]
[BlackElo "2214"]
[PlyCount "38"]
[EventDate "2023.03.31"]
[EventRounds "5"]
[EventCountry "ENG"]

1. c4 c5 2. Nc3 Nc6 3. g3 g6 4. Bg2 Bg7 5. d3 a6 6. Qd2 e6 7. a3 Nd4 8. Qd1 Ne7
9. Rb1 d5 10. e3 Ndc6 11. Nge2 dxc4 12. dxc4 Qxd1+ 13. Kxd1 O-O 14. Na4 Ne5 15.
b3 Nd3 16. Rf1 Rb8 17. Nb6 Rd8 18. Kc2 Nxc1 19. Rfxc1 Rd6 1/2-1/2

[Event "89 Bristol Championship"]
[Site "The Great Hall, Bristol Gramm"]
[Date "2023.04.02"]
[Round "5.2"]
[White "Pezelj, Sinisa"]
[Black "Beaumont, Chris R"]
[Result "0-1"]
[WhiteElo "2244"]
[BlackElo "2254"]
[PlyCount "96"]
[EventDate "2023.03.31"]
[EventRounds "5"]
[EventCountry "ENG"]

1. c4 g6 2. Nf3 Bg7 3. Nc3 c5 4. g3 Nc6 5. Bg2 Nf6 6. O-O d5 7. d4 cxd4 8. Nxd4
O-O 9. cxd5 Nxd5 10. Nxc6 bxc6 11. Na4 Rb8 12. Rb1 Qa5 13. Bd2 Qb5 14. e4 Nb6
15. Nc3 Qd3 16. Bf4 Qxd1 17. Rfxd1 Rb7 18. Rbc1 e5 19. Be3 Nc4 20. Bc5 Nxb2 21.
Bxf8 Nxd1 22. Bxg7 Nxc3 23. Bf1 Kxg7 24. Rxc3 Rc7 25. Rc5 f6 26. f4 exf4 27.
gxf4 Be6 28. a4 Kf7 29. Bb5 Bd7 30. Kf2 Ke7 31. Ke3 Rb7 32. Bd3 Kd6 33. Ra5 Kc7
34. Kd4 Kd6 35. e5+ fxe5+ 36. fxe5+ Ke7 37. Bc4 Be6 38. Be2 Bd5 39. h4 h6 40.
h5 g5 41. Ra6 g4 42. Ke3 g3 43. Bd3 g2 44. Kf2 Rb2+ 45. Kg1 Rd2 46. Rxa7+ Ke6
47. Rg7 Rxd3 48. a5 Rd1+ 0-1

[Event "89 Bristol Championship"]
[Site "The Great Hall, Bristol Gramm"]
[Date "2023.04.02"]
[Round "5.3"]
[White "Shearsby, Jude"]
[Black "Garcia, Oscar"]
[Result "1/2-1/2"]
[WhiteElo "2026"]
[BlackElo "2073"]
[PlyCount "155"]
[EventDate "2023.03.31"]
[EventRounds "5"]
[EventCountry "ENG"]

1. e4 c5 2. Nf3 Nc6 3. Bb5 g6 4. Bxc6 dxc6 5. d3 Bg7 6. h3 Nf6 7. O-O Nd7 8.
Nc3 e5 9. Be3 b6 10. Qd2 h6 11. Nh2 Nf8 12. f4 exf4 13. Rxf4 Ne6 14. Rf2 Nd4
15. Raf1 f6 16. Nd1 Be6 17. c3 Nb5 18. a4 Nd6 19. Bf4 Qd7 20. Qe3 Nf7 21. d4
cxd4 22. cxd4 O-O 23. Qg3 Kh7 24. Nf3 Bc4 25. Re1 Nd8 26. Bd2 Nb7 27. Ne3 Bf7
28. e5 f5 29. Qh4 Kg8 30. Qg3 g5 31. Nd1 c5 32. Bc3 Bd5 33. Rd2 Qc6 34. Ne3
Bxf3 35. Qxf3 Qxf3 36. gxf3 cxd4 37. Bxd4 Rad8 38. Red1 Rde8 39. Nc4 f4 40. Bc3
Rd8 41. Rd7 Rfe8 42. R1d2 Rxd7 43. Rxd7 Na5 44. Nxa5 bxa5 45. Rd5 Re6 46. Rxa5
a6 47. Rd5 Kf7 48. Rd7+ Kg6 49. Rd6 Kf5 50. Rxe6 Kxe6 51. b4 Bxe5 52. Bxe5 Kxe5
53. Kf2 Kd5 54. Ke2 Kc4 55. b5 axb5 56. axb5 Kxb5 57. Kd3 Kc5 58. Ke4 Kd6 59.
Kf5 Kd5 60. Kg6 Kd4 61. Kxh6 Ke3 62. Kxg5 Kxf3 63. h4 Ke4 64. h5 f3 65. h6 f2
66. h7 f1=Q 67. h8=Q Qg2+ 68. Kh6 Qh3+ 69. Kg7 Qg4+ 70. Kh6 Qe6+ 71. Kh7 Qf5+
72. Kh6 Qh3+ 73. Kg7 Qg4+ 74. Kh6 Qe6+ 75. Kh7 Kf5 76. Qf8+ Kg5 77. Qg8+ Qxg8+
78. Kxg8 1/2-1/2

[Event "89 Bristol Championship"]
[Site "The Great Hall, Bristol Gramm"]
[Date "2023.04.02"]
[Round "5.4"]
[White "Shepherd, Tom"]
[Black "Hobson, Kenneth"]
[Result "0-1"]
[WhiteElo "1766"]
[BlackElo "2068"]
[PlyCount "62"]
[EventDate "2023.03.31"]
[EventRounds "5"]
[EventCountry "ENG"]

1. d4 Nf6 2. Nf3 e6 3. c4 d5 4. Nc3 Bb4 5. Qa4+ Nc6 6. e3 O-O 7. Bd2 dxc4 8.
Bxc4 Bd6 9. Qc2 e5 10. dxe5 Nxe5 11. Nxe5 Bxe5 12. O-O-O c6 13. Kb1 Qe7 14. f3
Be6 15. Bxe6 Qxe6 16. e4 Rad8 17. Ne2 Bc7 18. Nf4 Qe7 19. Nd3 a5 20. Be3 Rfe8
21. Qb3 b6 22. Bg5 h6 23. Bh4 Qe6 24. Qc3 Rd7 25. Bg3 Bxg3 26. hxg3 Red8 27.
Qc2 c5 28. Nf4 Qe7 29. Rxd7 Qxd7 30. e5 Nd5 31. Rd1 Nc3+ 0-1

[Event "89 Bristol Championship"]
[Site "The Great Hall, Bristol Gramm"]
[Date "2023.04.02"]
[Round "5.5"]
[White "Stubbs, Oliver"]
[Black "Alizada, Eldar A"]
[Result "1/2-1/2"]
[WhiteElo "2052"]
[BlackElo "1968"]
[PlyCount "85"]
[EventDate "2023.03.31"]
[EventRounds "5"]
[EventCountry "ENG"]

1. d4 d5 2. Nf3 Nf6 3. Bf4 e6 4. e3 Bd6 5. Bg3 O-O 6. Nbd2 c5 7. dxc5 Bxc5 8.
c4 b6 9. a3 Bb7 10. Bd3 Nbd7 11. b4 Be7 12. O-O dxc4 13. Nxc4 Ne4 14. Qc2 Nxg3
15. hxg3 Nf6 16. Rfd1 Qc7 17. Rac1 Rac8 18. Qb1 Qb8 19. Nce5 h6 20. Qb3 Rxc1
21. Rxc1 Rc8 22. Rxc8+ Qxc8 23. Qc4 Qxc4 24. Nxc4 Ne4 25. Nd4 Nd6 26. Ne5 Bf6
27. Ndc6 a6 28. Kf1 b5 29. f3 g5 30. f4 Bg7 31. Na5 Bd5 32. Nac6 Kf8 33. Nb8
Bb7 34. Ned7+ Ke7 35. Nc5 Bc8 36. Ncxa6 Bb2 37. Nc5 Bxa3 38. e4 Nb7 39. Nc6+
Ke8 40. Bxb5 Nxc5 41. bxc5 Bxc5 42. Ne5+ Ke7 43. Ke2 1/2-1/2